| 000 | 00800nam a22002415i 4500 | ||
|---|---|---|---|
| 001 | 177773 | ||
| 003 | ES-MaACL | ||
| 005 | 20240825063042.0 | ||
| 008 | 110420s1929 sp |||| | spa d | ||
| 080 | _a117 | ||
| 080 | _a53:1 | ||
| 100 | 1 |
_aRussell, Bertrand, _d1872-1970 _9101033 |
|
| 245 | 1 | 0 |
_aAnálisis de la materia / _cBertrand Russell ; traducción del inglés por Eulogio Mellado. |
| 260 |
_aMadrid : _bRevista de Occidente, _c[1929?] |
||
| 300 |
_a414 p. ; _c23 cm. |
||
| 490 | 1 |
_aNuevos hechos, nuevas ideas ; _v28 |
|
| 650 | 0 | 4 |
_aMateria. _9146244 |
| 650 | 0 | 4 |
_aFísica- _xFilosofía. _912881 |
| 700 | 0 |
_aMellado, Eulogio. _979986 |
|
| 830 | 1 |
_aNuevos hechos, nuevas ideas ; _v28 _9184426 |
|
| 852 |
_aES-MaACL _jE-14978 _xOlim P-209 |
||
| 999 |
_c177773 _d177773 |
||